000 00347 a2200157 4500
001 156872
020 _a9788516100704
040 _cEscola São Tomás de Aquino
100 _aKAYANO, Miruna
240 1 0 _aEra uma vez...
_lpor
245 1 0 _aEra uma vez...
300 _a40 p.
362 0 _a2015
697 _a*LITERATURA INFANTO
942 _cBK
999 _c156872
_d156872